| 000 | 00928nam a22002777a 4500 | ||
|---|---|---|---|
| 005 | 20111121150533.0 | ||
| 008 | 111121t xxu||||| |||| 00| 0 eng d | ||
| 010 | _aENG-104156 | ||
| 020 |
_a9780071333115 _c450.00 |
||
| 020 |
_a0071333118 _c450.00 |
||
| 035 | _aEN-87689 | ||
| 037 | _bDBAD / PUB | ||
| 040 |
_adpl _bEnglish |
||
| 082 | _a005.4220 | ||
| 100 |
_aDhamdhere, D.M. _935947 |
||
| 245 |
_aSystems programming / _cby D.M. Dhamdhere |
||
| 260 |
_aNew Delhi _bTata McGraw-Hill _c2011 |
||
| 270 |
_a7 West Patel Nagar _bNew Delhi _e110008 |
||
| 300 |
_axviii,538p. _c24cm (pbk) |
||
| 500 | _aIncludes bibliographical references and index | ||
| 650 | _935949 | ||
| 651 | _935950 | ||
| 700 | _935964 | ||
| 942 |
_2ddc _cEN _mDHA _h005.4220 |
||
| 999 |
_c58574 _d58574 |
||